Łacina w Kancelarii Rady Miasta Gdańska
| Titel: | Łacina w Kancelarii Rady Miasta Gdańska |
|---|---|
| Verfasser: | |
| In: |
Łacina jako je̜zyk elit, (2004), Seite 131-137 alle Artikel anzeigen |
| Veröffentlicht: | 2004 |
| Format: | Aufsatz |
| Sprache: | Polnisch |
X
alg: 39391011
001A $01999:12-11-16
001B $01999:01-06-17 $t17:23:12.000
001D $01999:12-11-16
001U $0utf8
001X $00
002@ $0Aox
003@ $0393910113
007A $0393910113 $aHEB
007T $0Herdk64841
010@ $apol
011@ $a2004
021A $aŁacina w Kancelarii Rady Miasta Gdańska
028A $71070109878 $8Szczuczko, Witold$Z1947-2012 [Tp1] $9358377374
031A $h131-137 $j2004
039B $aIn $8--Aau--. Łacina jako je̜zyk elit. - Warszawa : DiG {[u.a.], 2004. - 516 S.. - ISBN 83-7181-321-X $x200400000000000869 $9126525862
lok: 39391011 78
exp: 39391011 78 1 #EPN
201B/01 $026-11-17 $t23:17:37.000
201U/01 $0utf8
203@/01 $0790020637
208@/01 $a12-11-16 $be
209A/01 $a/ $f000 $x00
220C/01 $aTitelaufnehmer: pbb
220C/01 $aHerkunft: IH PAN/PBB Kraków
244Z/01 $2Trx $#Prusy Wschodnie i Zachodnie $8--Trx--Ost- und Westpreußen $x01 $939113373X
244Z/01 $2Trx $#Poola $#Lenkija $#Polija $#Polen Land $#Poland $#Lengyelország $#Poľsko $#Polsko $8--Trx--Polska$gkraj $x02 $9391345966
244Z/01 $#Danzig $#Ville Libre de Danzig $#Dantzig $#Ville Libre de Dantzig $#Freistaat Danzig $#Gdańsk $#Freie Stadt Danzig $#Urząd Miejski w Gdańsku $#Gyddanzyc $#Gedanum $#Dantiscum $74011039-4 $8--Tg1--Danzig $x03 $9085022225
244Z/01 $2Trx $8--Trx--Einzelbeiträge $x04 $9391384570
247C/01 $82080>Marburg/Lahn, Herder-Institut, Forschungsbibliothek, Bibliographieportal $9336309341
| LEADER | 00000caa a22000002c 4500 | ||
|---|---|---|---|
| 001 | 393910113 | ||
| 003 | DE-603 | ||
| 005 | 20170601172312.0 | ||
| 007 | tu | ||
| 008 | 161112s2004 xx |||| | u00||u|pol c | ||
| 035 | |a (DE-599)HEB393910113 | ||
| 040 | |a DE-603 |b ger |c DE-603 |d DE-603 | ||
| 041 | |a pol | ||
| 100 | 1 | |a Szczuczko, Witold |d 1947-2012 |0 (DE-603)358377374 |0 (DE-588)1070109878 |2 gnd | |
| 245 | 0 | 0 | |a Łacina w Kancelarii Rady Miasta Gdańska |
| 264 | 0 | |c 2004 | |
| 773 | 0 | 8 | |i In |t Łacina jako je̜zyk elit |d Warszawa : DiG [u.a.], 2004 |h 516 S. |z 837181321X |g (2004), Seite 131-137 |w (DE-603)126525862 |
| 924 | 0 | |9 2080 |a (DE-603)790020637 |b DE-2080 |c HES |d d |g / | |


